IoT ako súčasť elektromagnetického prostredia

Na minha lista:
Detalhes bibliográficos
Autor principal: Kliuchka, Anatolii (Author)
Outros Autores: Harťanský, René (Thesis advisor)
Formato: Manuscrito Livro
Idioma:eslovaco
Publicado em: Bratislava : STU v Bratislave FEI, 2023
Assuntos:
Acesso em linha:https://opac.crzp.sk/?fn=detailBiblioFormChildI1F7N&sid=C0DEB8E07572332BAD240A15805F&seo=CRZP-detail-kniha
Tags: Adicionar Tag
Sem tags, seja o primeiro a adicionar uma tag!

MARC

LEADER 00000ntm a22000003a 4500
001 stuzp91216
003 SK-STU
005 20241125131643.2
007 ta
008 150427s2015----xo-----f-mn---000-0-slo-d
040 |a STU  |b slo 
041 0 |a slo 
044 |a xo 
100 1 |a Kliuchka, Anatolii  |u 034000  |4 aut  |U FEI Fakulta elektrotechniky a informatiky  |T FEI Ústav elektrotechniky  |X 117974  |U E040  |Y 550  |7 117974 
242 0 1 |a IoT - the electromagnetic environment part  |y eng 
245 1 0 |a IoT ako súčasť elektromagnetického prostredia 
260 |a Bratislava :  |b STU v Bratislave FEI,  |c 2023 
300 |a 60 s. 
650 4 |a Počítačová simulácia  |2 slo 
650 4 |a Internet vecí  |2 slo 
650 4 |a Šírenie rádiových vĺn  |2 slo 
650 4 |a Sieť  |2 slo 
650 4 |a Návrh antény  |2 slo 
650 4 |a Computer Simulation  |2 eng 
650 4 |a Internet of Things  |2 eng 
650 4 |a Radio Waves Propagation  |2 eng 
650 4 |a Network  |2 eng 
650 4 |a Antenna design  |2 eng 
700 1 |a Harťanský, René  |u 034000  |k Z1  |4 ths  |U FEI Fakulta elektrotechniky a informatiky  |T FEI Ústav elektrotechniky  |X 2588  |U E040  |Y 550  |7 A000002588 
856 4 |u https://opac.crzp.sk/?fn=detailBiblioFormChildI1F7N&sid=C0DEB8E07572332BAD240A15805F&seo=CRZP-detail-kniha